| 000 | 00782nam a2200253Ia 4500 | ||
|---|---|---|---|
| 003 | OSt | ||
| 005 | 20220925231104.0 | ||
| 006 | a|||||r|||| 00| 0 | ||
| 007 | ta | ||
| 008 | 220923b |||||||| |||| 00| 0 eng d | ||
| 037 | _cGeneral Book | ||
| 040 |
_aRTL _cRTL _beng |
||
| 041 |
_2eng _aeng |
||
| 082 | _aX9(J381:7).252.N62, GD | ||
| 110 |
_aEconomics and statistics(D/O-) (Uttar Pradesh) _9294948 |
||
| 245 | 0 | _aImproved agricultural practices in uttar pradesh | |
| 260 |
_aLucknow _bThe Author India _c1982 |
||
| 300 |
_a72p. _ccm. |
||
| 490 | _aIts bulletin, 75. | ||
| 650 |
_aRice _9219827 |
||
| 700 |
_aEconomics and statistics(D/O-) (Uttar Pradesh) _9294949 |
||
| 942 |
_hX9(J381:7).252.N62, GD _cGB _2CC |
||
| 999 |
_c587250 _d587250 |
||